00449pab a2200157 454500008004000000100001900040245005100059260000900110300001300119362000800132650003300140650003200173650002000205700002500225773004100250180718b1997 xxu||||| |||| 00| 0 eng d aMoran, Michael aTechnology, American democracy and health care c1997 ap.573-94 aOct aMedical care - United States aHealth care - United States aHealth services aAlexander, Elizabeth aBritish Journal of Political Science